=LDR 00000nam 2200000 4500 =001 INLIS000000000008596 =005 20130612100441 =008 ***********************************Ind** =035 ##$$0010-061300000008596 =041 ##$$a Ind =082 ##$$a 297.0 =090 ##$$a 297.0, Suh p =100 ##$$a Suhaili, Abdullah =245 ##$$a Prinsip - Prinsip Islam, Abdullah Suhaili =260 ##$$a 1979 $b Bandung =300 ##$$a 155 hlm, 21 cm =650 ##$$a Agama Islam